Estados financieros en moneda homogénea, ajuste por inflación impositivo e impuestos diferidos (Registro nro. 12492)

Detalles MARC
000 -LEADER
fixed length control field 00359 a2200109 4500
001 - CONTROL NUMBER
control field ART_50046
005 - DATE AND TIME OF LATEST TRANSACTION
control field 20260410161631.0
008 - FIXED-LENGTH DATA ELEMENTS--GENERAL INFORMATION
fixed length control field 260409a
100 1# - MAIN ENTRY--PERSONAL NAME
Personal name Zgaib, Alfredo O.
245 10 - TITLE STATEMENT
Title Estados financieros en moneda homogénea, ajuste por inflación impositivo e impuestos diferidos
773 0# - HOST ITEM ENTRY
Title Enfoques
Related parts - N°9 (sep. 2019)
Record control number REV416

No hay ítems disponibles.